Online Catalogue and eLibrary

Muslim women in changing perspective (Record no. 783)

MARC details
000 -LEADER
fixed length control field 00454nam a2200169Ia 4500
005 - DATE AND TIME OF LATEST TRANSACTION
control field 20240715013853.0
008 - FIXED-LENGTH DATA ELEMENTS--GENERAL INFORMATION
fixed length control field 240331s9999 xx 000 0 und d
020 ## - INTERNATIONAL STANDARD BOOK NUMBER
ISBN 8171691722
082 ## - DDC Classification
Class No. 200.042
Item Number - Author Mark TAL
100 ## - MAIN ENTRY--PERSONAL NAME
Personal name Ashrafi, T.A
245 #0 - TITLE STATEMENT
Title Muslim women in changing perspective
Statement of responsibility, etc. Talat Ara Ashrafi
260 ## - PUBLICATION, DISTRIBUTION, ETC.
Place of publication, distribution, etc. New Delhi
Name of publisher, distributor, etc. Commonwealth Publishers
Date of publication, distribution, etc. 1992
300 ## - PHYSICAL DESCRIPTION
Extent (e.g. Volumes, Pages etc.) vi, 283 p .,
650 ## - SUBJECT ADDED ENTRY--TOPICAL TERM
Topical term or geographic name entry element Muslim Society
650 ## - SUBJECT ADDED ENTRY--TOPICAL TERM
Topical term or geographic name entry element Muslim Women
942 ## - Koha item type (Biblio)
Koha item type Books in Stacks (Lending)
Holdings
Lost status Damaged status Collection code Home library Current library Shelving location Date acquired Full call number Accession Number Item type
    Lending WERC Library WERC Library Social Science Cupboard 03/31/2024 200.042 ASH 5033 Books in Stacks (Lending)

© WERC Library